00818nam a2200253Ia 450000500170000000800410001702000180005805000170007610000290009324500350012226000400015730000180019733700100021533800140022533900140023950000640025350500380031765000170035570000340037270000410040694200070044795200930045499900170054720231102151831.0120630t 1988mx ap 000 0 spa d a9789684221949 aBF121bP3618 aPAPALIA, Diane E.eautor00aPsicologíacDiane E. Papalia aMéxicob : Mc Graw Hillc , 1988 a762 páginas atexto asin medio avolúmen aPlan Flexible Psicología Experimental (P21-4) (19 000024) aIncluye bibliografía e índice aPsicología aWENDKOS OLDS, Sally.ecouator aCASTELLVI MASJUAN, Pere, etraductor cLB 00104070a19b19d2015-06-22l0oBF121 P3618p19 000024r2015-06-22t1w2015-06-22yLB c97008d97008